000 01533nam a2200229 a 4500
001 1636075
003 AM-YEHGA
005 20250617163522.0
008 190806s1961 ru fd||fr|||||000|||rus||
040 _aAM-YeHGA
041 0 _arus
100 1 _aТкачев, Л.Г.
245 1 0 _aПромышленное применение электронно-лучевого нагрева за рубежом /
_cЛ.Г. Ткачев, П.Б. Яковлев ; Государственный комитет совета министров СССР по координации научно-исследовательских работ ; Центральный институт научно-технической информации электротехнической промышленности и приборостроения.
260 _aМосква :
_bБ.и.,
_c1961.
300 _a36 с. :
_bчерт., табл. ;
_c21 см.
650 1 4 _aНагрев металлов, электронно-лучевой
_xИностранный опыт
700 1 _aЯковлев, П.Б.
710 2 _aГосударственный комитет совета министров СССР по координации научно-исследовательских работ
710 2 _aЦентральный институт научно-технической информации электротехнической промышленности и приборостроения
942 _2udc
_cBK
090 _c511310
999 _c507879
_d507879